000 00686nam a2200205 a 4500
005 20160203152123.0
008 140115b ck ||||gr|||| 000 0 spa d
040 _aCO-BoIAVH
_cCO-BoIAVH
041 0 _aspa
044 _ack
090 _aEA
_b00030
110 2 _bCorporación Autónoma Regional de Risaralda
245 1 0 _aControl mecanico de la mosca /
_cCorporación Autónoma Regional de Risaralda
260 _aPereira :
_bCorporación Autónoma Regional de Risaralda,
_c[s.f].
300 _a28 páginas :
_bIlustraciones (algunas a color) ;
_c20 x 20 cm.
650 1 6 _aMoscas
_xControl
650 2 6 _aManual
650 2 6 _aTrampas
942 _cFolleto
_2ddc
999 _c4469
_d4469